<?xml version="1.0" encoding="UTF-8"?>
<record
    xmlns:xsi="http://www.w3.org/2001/XMLSchema-instance"
    xsi:schemaLocation="http://www.loc.gov/MARC21/slim http://www.loc.gov/standards/marcxml/schema/MARC21slim.xsd"
    xmlns="http://www.loc.gov/MARC21/slim">

  <leader>01427nam a2200349 a 4500</leader>
  <controlfield tag="003">DO-SdBNP</controlfield>
  <controlfield tag="005">20221025100752.0</controlfield>
  <controlfield tag="007">ta</controlfield>
  <controlfield tag="008">221024b200?    dr ao||gr||||o00| 0 spa d</controlfield>
  <datafield tag="040" ind1=" " ind2=" ">
    <subfield code="a">DO-SdBNP</subfield>
    <subfield code="b">spa</subfield>
    <subfield code="c">BNPHU</subfield>
  </datafield>
  <datafield tag="082" ind1=" " ind2="4">
    <subfield code="2">22</subfield>
    <subfield code="b">C212r</subfield>
  </datafield>
  <datafield tag="245" ind1="0" ind2="0">
    <subfield code="a">Canad&#xE1; Rep&#xFA;blica Dominicana :  </subfield>
    <subfield code="b">una cr&#xF3;nica de im&#xE1;genes = A chronicle of images = Une chronique d&#xB4;images /</subfield>
    <subfield code="c">Fotograf&#xED;a, Domingo Batista, ... [et. al]; Texto, Freddy Ginebra, ...[et. al.]; Traducci&#xF3;n, Caroline Blacwell, Yamile Adames</subfield>
  </datafield>
  <datafield tag="260" ind1=" " ind2=" ">
    <subfield code="a">[Santo Domingo] : </subfield>
    <subfield code="b">Embajada de Canad&#xE1;,</subfield>
    <subfield code="c">[2005]</subfield>
  </datafield>
  <datafield tag="300" ind1=" " ind2=" ">
    <subfield code="a">69 p. ;</subfield>
    <subfield code="b">il. fotogr. ;</subfield>
    <subfield code="c">28 cm.</subfield>
  </datafield>
  <datafield tag="500" ind1=" " ind2=" ">
    <subfield code="a">Ilustraci&#xF3;n de portada: C&#xE1;ndido Bid&#xF3;.</subfield>
  </datafield>
  <datafield tag="590" ind1=" " ind2=" ">
    <subfield code="a">Inventariado 2022 / MF</subfield>
  </datafield>
  <datafield tag="650" ind1=" " ind2="4">
    <subfield code="9">50018</subfield>
    <subfield code="a">Canada</subfield>
    <subfield code="x">Relaciones Exteriores</subfield>
  </datafield>
  <datafield tag="651" ind1=" " ind2=" ">
    <subfield code="a">Rep&#xFA;blica Dominicana</subfield>
    <subfield code="y">Relaciones Exteriores</subfield>
    <subfield code="9">82574</subfield>
  </datafield>
  <datafield tag="700" ind1="1" ind2=" ">
    <subfield code="9">56792</subfield>
    <subfield code="a">Batista, Domingo,</subfield>
    <subfield code="e">fotograf.</subfield>
  </datafield>
  <datafield tag="700" ind1="1" ind2=" ">
    <subfield code="a">Oliver, Julier,</subfield>
    <subfield code="e">fotograf.</subfield>
    <subfield code="q">(Ottawa Citizen)</subfield>
    <subfield code="9">82583</subfield>
  </datafield>
  <datafield tag="700" ind1="1" ind2=" ">
    <subfield code="a">Avampini, Alejandro,</subfield>
    <subfield code="e">fotograf.</subfield>
    <subfield code="9">82584</subfield>
  </datafield>
  <datafield tag="700" ind1="1" ind2=" ">
    <subfield code="a">Eijsenck, David,</subfield>
    <subfield code="e">fotograf.</subfield>
    <subfield code="9">82585</subfield>
  </datafield>
  <datafield tag="700" ind1="1" ind2=" ">
    <subfield code="a">Despatis, Luc,</subfield>
    <subfield code="e">fotograf.</subfield>
    <subfield code="9">82586</subfield>
  </datafield>
  <datafield tag="700" ind1="1" ind2=" ">
    <subfield code="9">21605</subfield>
    <subfield code="a">Ginebra, Freddy,</subfield>
    <subfield code="e">texto</subfield>
  </datafield>
  <datafield tag="700" ind1="1" ind2=" ">
    <subfield code="9">65846</subfield>
    <subfield code="a">Graham, John,</subfield>
    <subfield code="e">texto</subfield>
  </datafield>
  <datafield tag="700" ind1="1" ind2=" ">
    <subfield code="a">Blackwell, Adam,</subfield>
    <subfield code="e">texto</subfield>
    <subfield code="9">82587</subfield>
  </datafield>
  <datafield tag="700" ind1="1" ind2=" ">
    <subfield code="a">McMillan, Greg,</subfield>
    <subfield code="e">texto</subfield>
    <subfield code="9">82588</subfield>
  </datafield>
  <datafield tag="700" ind1="1" ind2=" ">
    <subfield code="a">Adames, Yamile </subfield>
    <subfield code="e">texto</subfield>
    <subfield code="9">82589</subfield>
  </datafield>
  <datafield tag="700" ind1="1" ind2=" ">
    <subfield code="a">Blackwell, Caroline,</subfield>
    <subfield code="e">trad.</subfield>
    <subfield code="9">82590</subfield>
  </datafield>
  <datafield tag="910" ind1=" " ind2=" ">
    <subfield code="a">MFeliz</subfield>
  </datafield>
  <datafield tag="942" ind1=" " ind2=" ">
    <subfield code="2">ddc</subfield>
    <subfield code="c">LBS1</subfield>
  </datafield>
  <datafield tag="952" ind1=" " ind2=" ">
    <subfield code="0">0</subfield>
    <subfield code="1">0</subfield>
    <subfield code="2">ddc</subfield>
    <subfield code="5">1</subfield>
    <subfield code="7">0</subfield>
    <subfield code="8">PD</subfield>
    <subfield code="a">BNPHU</subfield>
    <subfield code="b">BNPHU</subfield>
    <subfield code="c">CT</subfield>
    <subfield code="d">2022-10-24</subfield>
    <subfield code="l">0</subfield>
    <subfield code="o">C212r</subfield>
    <subfield code="p">2022-4485</subfield>
    <subfield code="r">2022-10-24</subfield>
    <subfield code="w">2022-10-24</subfield>
    <subfield code="y">LBS1</subfield>
  </datafield>
  <datafield tag="999" ind1=" " ind2=" ">
    <subfield code="c">52617</subfield>
    <subfield code="d">52617</subfield>
  </datafield>
</record>
